|
|
|
|
| LEADER |
01056nam a22002772a 4500 |
| 001 |
000449031 |
| 003 |
CZ BrMZK |
| 005 |
20081107101628.0 |
| 007 |
ta |
| 008 |
990305s1900 xr f cze d |
| 015 |
|
|
|a cnb001080526
|z cnb001808279
|
| 035 |
|
|
|a (OCoLC)29375451
|
| 040 |
|
|
|a BOA001
|b cze
|
| 100 |
1 |
|
|a Heyduk, Adolf,
|d 1835-1923
|7 jk01040997
|4 aut
|
| 245 |
1 |
0 |
|a Nové cigánské melodie /
|c Adolf Heyduk
|
| 260 |
|
|
|a Praha :
|b Otto,
|c [1900]
|
| 300 |
|
|
|a 111 s.
|
| 490 |
1 |
|
|a Spisy Adolfa Heyduka ;
|v 1
|
| 800 |
1 |
|
|a Heyduk, Adolf,
|d 1835-1923.
|t Spisy
|0 s
|
| 910 |
|
|
|a BOA001
|b 1-0021.686,1
|
| 990 |
|
|
|a BK
|
| 993 |
|
|
|a Y
|
| 996 |
6 |
|
|b 2619256763
|c 1-0021.686,1
|l MZK
|r Sklad / do 1 hodiny
|n 0
|w 000449031
|u 000030
|a 1
|e BOA001
|j MZK50
|s P
|
| 996 |
6 |
|
|b 2619307824
|c 1-0021.686,1
|l MZK
|r Sklad / do 1 hodiny
|n 4
|w 000449031
|u 000020
|a 1
|e BOA001
|j MZK50
|s P
|
| 996 |
6 |
|
|b 2619460596
|c 1-0021.686,1
|l MZK
|r Sklad / do 1 hodiny
|n 0
|w 000449031
|u 000040
|a 1
|e BOA001
|j MZK50
|s P
|
| 996 |
6 |
|
|b 2619768733
|c 1-0021.686,1
|l MZK
|r Sklad / do 1 hodiny
|n 8
|w 000449031
|u 000010
|a 1
|e BOA001
|j MZK50
|s P
|